[Event "Marshall Chess Club GM 2020"]
[Site "New York"]
[Date "2020.02.28"]
[Round "4"]
[White "Colas, Joshua"]
[Black "Perunovic, Milos"]
[Result "0-1"]
[WhiteElo "2319"]
[BlackElo "2591"]
[Annotator "TA"]
[PlyCount "65"]
[EventDate "2020.02.27"]
[EventType "tourn"]
[EventCountry "USA"]
[SourceTitle "playchess.com"]
[Source "ChessBase"]
[SourceQuality "1"]

{[%evp 13,65,0,-1,0,-6,0,17,0,7,4,4,-11,-7,0,0,-25,-25,-25,-5,-8,-4,-24,-16,-52,-46,-87,-89,-82,-82,-130,-130,-116,-128,-118,-120,-195,-195,-225,-227,-404,-398,-404,-402,-418,-400,-606,-575,-852,-854,-839,-843,-833,-807,-29994]} 1. d4 Nf6 2. Nf3 e6 3. g3 c5 4. Bg2 cxd4 5. O-O d5 6. Nxd4 e5 7. Nb3 Be6 8. c4 {D02: 1 d4 d5 2 Nf3 sidelines, including 2...Nf6 3 g3 and 2...Nf6 3 Bf4.} Nc6 {[%cal Bb8c6,Bc6d8,Bd8e6][%mdl 32]} ({Wrong is} 8... dxc4 $2 9. Qxd8+ (9. Bxb7 Nbd7 $14) 9... Kxd8 10. Bxb7 $18) 9. cxd5 Bxd5 10. Nc3 {[%cal Rc3d5] The position is equal.} Bxg2 11. Kxg2 Bb4 12. Bg5 (12. Qxd8+ {is interesting.} Rxd8 13. Nb5 a6 14. Na3 O-O 15. Bg5) 12... Bxc3 13. Qxd8+ Nxd8 {[#]} 14. Bxf6 $146 (14. bxc3 {with more complications.} Ne4 15. Be3 Nc6 16. Rfc1 O-O-O 17. c4) ({Predecessor:} 14. bxc3 Ne4 15. Bc1 Ne6 16. c4 Rc8 17. Ba3 Rxc4 18. Rac1 Rxc1 19. Rxc1 Kd7 20. f3 {0-1 (87) Gislason,G (2346)-Navara,D (2700) Reykjavik 2012}) 14... gxf6 15. bxc3 Rc8 16. Rac1 Ne6 17. Rfd1 Ke7 18. e4 Rc4 19. f3 Rhc8 20. Rd3 b5 {[%cal Bb7b5,Bb5b4][%mdl 32]} 21. Nd2 Ra4 {aiming for ...b4.} 22. Rc2 {[#]} Rd4 $1 {[%cal Rd4d3][%mdl 512]} 23. Re3 (23. cxd4 Rxc2) 23... b4 $1 24. c4 {[#]} (24. Kf2 $17 {keeps fighting.}) 24... a5 $1 $19 25. a3 {[#]} Rcd8 $1 26. Nb3 $2 (26. Nf1 Nc5 27. axb4 axb4 28. Rc1) 26... Rd3 27. Rxd3 Rxd3 28. Nxa5 {KRN-KRN} Nd4 29. Rb2 (29. Nc6+ $142 Nxc6 30. axb4) 29... bxa3 {Black is clearly winning.} 30. Rb7+ Kf8 31. Ra7 Rd2+ 32. Kh3 a2 33. c5 {Accuracy: White = 46%, Black = 100%.} 0-1

[Event "Marshall Chess Club GM 2020"]
[Site "New York"]
[Date "2020.02.29"]
[Round "5"]
[White "Perunovic, Milos"]
[Black "Wang, Kevin"]
[Result "1-0"]
[WhiteElo "2591"]
[BlackElo "2418"]
[Annotator "TA"]
[PlyCount "107"]
[EventDate "2020.02.27"]
[EventType "tourn"]
[EventCountry "USA"]
[SourceTitle "playchess.com"]
[Source "ChessBase"]
[SourceQuality "1"]

{[%evp 15,107,28,43,25,22,29,44,43,41,27,42,31,50,52,42,19,41,59,65,62,69,66,66,68,75,75,86,77,93,101,122,122,120,137,182,178,179,184,185,179,147,131,220,202,303,290,273,276,271,273,295,291,280,236,242,258,218,121,118,88,108,86,113,121,109,12,12,11,12,11,12,33,27,32,23,26,48,37,47,62,220,218,181,141,604,604,2320,1778,540,539,29978,29979,29967,29942]} 1. e4 c6 2. d4 d5 3. e5 Bf5 4. Nf3 e6 5. Be2 c5 6. Be3 cxd4 7. Nxd4 Ne7 8. O-O $1 {[%mdl 4] now scores much better than the old 8.Nd2. Played by Viswanathan Anand in January 2020.} Nbc6 9. Bb5 {B12: Caro-Kann: Advance Variation.} a6 10. Bxc6+ (10. Nxf5 Nxf5 11. Bxc6+ bxc6 $15) 10... Nxc6 11. Nxf5 {White is slightly better.} exf5 12. f4 Be7 {[#]} 13. Bf2 $146 ({Predecessor:} 13. Nd2 d4 14. Bf2 Qd5 15. Nb3 Rd8 16. Qd3 Qe4 17. Rad1 Qxf4 18. Bxd4 Qe4 19. Rxf5 Qxd3 20. Rxd3 {0-1 (81) Warakomska,A (2273)-Socko,M (2481) Poland 2017}) 13... Qd7 14. Nd2 O-O 15. Nf3 Rad8 16. c3 Qc7 17. Qb3 b5 18. Rad1 Na5 19. Qc2 g6 20. Rd3 Rd7 21. Rfd1 Rfd8 22. Qe2 Bc5 23. Kh1 Bxf2 24. Qxf2 Nb7 25. Ng5 {[%cal Bf3g5,Bg5h7,Bh7f6][%mdl 32]} Nc5 26. Nxh7 $1 Nxd3 27. Rxd3 (27. Nf6+ Kg7 $14) 27... Qc4 (27... Kxh7 28. Qh4+ Kg8 29. Rh3 Qxe5 30. fxe5 f6 31. Qh8+ Kf7 32. Qxf6+ Kg8 33. Rh8#) 28. Nf6+ Kf8 (28... Kg7 $16 29. Rh3 d4) 29. Rh3 $18 {And now b3 would win.} (29. Nxd7+ Rxd7 30. Rd1 Qxa2 $16) 29... d4 (29... Rb7 $142 30. b3 Qc8 31. Rh8+ (31. Qh4 Qc6 $18) 31... Ke7) 30. b3 Qc6 31. Nxd7+ Rxd7 {[%mdl 4096] Endgame KQR-KQR} 32. Rh8+ ({Not} 32. cxd4 Qc1+ 33. Qg1 Qd2 $11) 32... Ke7 33. Qh4+ ({And not} 33. cxd4 Qc1+ 34. Qg1 Qxf4 $15) 33... Ke6 34. Re8+ $1 Kd5 35. e6 $1 {[%cal Re6d7]} fxe6 36. Qf6 (36. Qe1 $1 $18 {[%csl Gf4][%cal Re1e5]} Qd6 37. cxd4) 36... Qd6 $16 {Strongly threatening ...d3.} 37. Qxd4+ Kc6 38. Qg1 Kb7 39. h3 Qc6 {Hoping for ...Rh7.} 40. Qe1 (40. Kh2 $16) 40... Rh7 $11 41. Qxe6 ({Avoid the trap} 41. Rxe6 $2 Rxh3+ 42. Kg1 Qc5+ 43. Qf2 Rh1+ $1 {[%mdl 512]} 44. Kxh1 Qxf2 $19) 41... Rxh3+ $1 {[%mdl 64] Double Attack} 42. Kg1 Qxe6 $1 43. Rxe6 Rxc3 44. Rxg6 {KR-KR} Rc1+ 45. Kh2 Ra1 46. Rf6 Rxa2 47. Rxf5 Rb2 $2 (47... Rf2 $1 $14) 48. Re5 $1 $18 Rxb3 49. f5 {f6 is the strong threat.} Rb1 $2 {[%mdl 8192] [#] Now Black is done in.} (49... Rb2 $16) 50. g4 $1 {aiming for f6.} b4 51. g5 b3 {[#]} 52. Re3 $1 b2 {Threatens to win with ...Rh1+!} 53. Rb3+ Kc6 54. g6 {Accuracy: White = 91%, Black = 62%.} 1-0

[Event "Marshall Chess Club GM 2020"]
[Site "New York"]
[Date "2020.02.29"]
[Round "5"]
[White "Paragua, Mark"]
[Black "Niemann, Hans Moke"]
[Result "1-0"]
[WhiteElo "2513"]
[BlackElo "2459"]
[Annotator "TA"]
[PlyCount "55"]
[EventDate "2020.02.27"]
[EventType "tourn"]
[EventCountry "USA"]
[SourceTitle "playchess.com"]
[Source "ChessBase"]
[SourceQuality "1"]

{[%evp 9,55,13,31,20,30,-4,0,14,0,-38,-43,-36,-20,-41,-20,-52,35,37,85,88,97,101,112,109,94,131,109,114,112,106,156,180,157,-326,26,35,29985,29986,29986,29987,29985,29986,29986,29977,1195,1176,1031,1003]} 1. e4 e5 2. Nc3 Nf6 3. g3 c6 4. d4 exd4 5. Qxd4 d5 6. Bg5 {e5 is the strong threat. C26: Vienna Game: 2...Nf6, sidelines .} Be7 7. O-O-O {[%cal Re4d5]} (7. exd5 {keeps more tension.} cxd5 8. O-O-O O-O 9. Nge2 Nc6 10. Qa4) 7... h6 8. Bxf6 {The position is equal.} Bxf6 9. e5 Be7 10. Bh3 {[#]} b5 $146 ({Predecessor:} 10... Na6 11. f4 Bc5 12. Qd3 Bxh3 13. Nxh3 Qa5 14. a3 b5 15. Ne4 dxe4 16. Qd7+ Kf8 17. Qxc6 {0-1 (41) Comas Fabrego,L (2495)-Howell,D (2561) La Massana 2008}) 11. f4 O-O 12. f5 f6 (12... Nd7 $15 13. Nf3 Nb6) 13. e6 $36 {[%mdl 2048] White is more active.} Qa5 14. Kb1 Bb7 15. Bg2 b4 16. Nce2 {[%cal Bc3e2,Be2f4,Bf4h5][%mdl 32]} c5 17. Qg4 Nc6 {[%cal Bb8c6,Bc6e5,Be5c4][%mdl 32]} 18. Nf4 {Strongly threatening Nh5.} (18. Rxd5 $2 Ne5 $17) 18... Ne5 19. Qh5 Rad8 {White should prevent ...c4.} 20. Nf3 (20. Nxd5 Bxd5 21. Bxd5 c4 $17) 20... Nc4 {[#]} 21. Rhe1 $2 {[#]} (21. Qg6 $1 $16 {[%mdl 512]} Qc7 22. Rhe1 (22. Nh5 Bd6 $16)) 21... d4 $2 {[#]} ({Black should play} 21... Rd6 $1 $19 {[%cal Rd6a6] And now ...Ra6 would win.} 22. Nd2 (22. Ng6 Ra6 $19) 22... Nxd2+ 23. Rxd2 b3 24. axb3 Qxd2) 22. Qg6 $1 $11 {[%mdl 512] Intending Nh5 and mate.} Kh8 $2 {[%mdl 8192]} (22... Bxf3 $14 23. Bxf3 Kh8) 23. Nh5 {[%csl Gh5][%cal Rg6g7]} Rg8 24. Ng5 $1 fxg5 {[#]} 25. f6 $1 {[%mdl 512]} Bf8 26. f7 Be7 27. fxg8=Q+ Rxg8 28. Bxb7 {Accuracy: White = 78%, Black = 56%.} 1-0

[Event "Marshall Chess Club GM 2020"]
[Site "New York"]
[Date "2020.02.29"]
[Round "5"]
[White "Korley, Kassa"]
[Black "Khamrakulov, Djurabek"]
[Result "1/2-1/2"]
[WhiteElo "2430"]
[BlackElo "2525"]
[Annotator "TA"]
[PlyCount "53"]
[EventDate "2020.02.27"]
[EventType "tourn"]
[EventCountry "USA"]
[SourceTitle "playchess.com"]
[Source "ChessBase"]
[SourceQuality "1"]

{[%evp 9,53,43,51,50,56,50,49,34,34,34,43,33,49,16,25,27,35,24,33,14,36,25,54,51,41,41,42,42,72,72,47,63,52,38,37,16,35,28,74,46,38,0,64,0,35,0]} 1. e4 d5 2. exd5 Qxd5 3. Nc3 Qd8 4. d4 Nf6 5. Nf3 g6 6. Bc4 {B01: Scandinavian Defence.} Bg7 7. O-O O-O 8. h3 a6 9. a4 b6 10. Qe2 Bb7 11. Bf4 e6 12. Rfe1 Nc6 {[%cal Bb8c6,Bc6b4,Bb4d5,Bd5f4][%mdl 32]} 13. Rad1 Re8 {[#]} 14. Bh2 $146 ({Predecessor:} 14. Bg5 Ne7 15. Ne5 Ned5 16. Nxd5 exd5 17. Bd3 Qd6 18. Qf3 c5 19. c3 cxd4 20. cxd4 Re6 21. Qf4 Rae8 22. Re3 Qb4 23. Rde1 Bc8 24. h4 Qf8 25. Qf3 Nd7 {1-0 (25) Antipov,M (2567)-Skvortsov,A (2139) Sochi 2019}) 14... Nb4 15. Bb3 Qd7 16. Ne5 Qe7 17. Nb1 {[%cal Bc3b1,Bb1d2,Bd2f3][%mdl 32]} Rad8 18. c3 Nbd5 19. Bc4 Ra8 20. Nd2 Bh6 21. Ndf3 Nf4 22. Qc2 N6h5 23. Bf1 Bg7 24. Re3 Nd5 25. Ree1 Ndf4 26. Re3 Nd5 27. Ree1 {Accuracy: White = 81%, Black = 89%.} 1/2-1/2

[Event "Marshall Chess Club GM 2020"]
[Site "New York"]
[Date "2020.02.29"]
[Round "5"]
[White "Kaliksteyn, Alexander"]
[Black "Colas, Joshua"]
[Result "1-0"]
[WhiteElo "2394"]
[BlackElo "2319"]
[Annotator "TA"]
[PlyCount "77"]
[EventDate "2020.02.27"]
[EventType "tourn"]
[EventCountry "USA"]
[SourceTitle "playchess.com"]
[Source "ChessBase"]
[SourceQuality "1"]

{[%evp 11,77,1,12,15,21,13,13,16,24,11,1,0,0,-10,0,0,0,0,0,0,0,0,0,-4,0,0,0,0,0,0,0,0,0,0,0,0,9,0,15,10,4,13,88,85,89,89,100,97,102,71,50,50,64,24,60,0,60,8,22,0,0,2,69,0,133,133,856,850]} 1. d4 Nf6 2. Bf4 e6 3. Nf3 c5 4. e3 Nc6 5. Nbd2 d5 6. c3 cxd4 7. exd4 {D02: 1 d4 d5 2 Nf3 sidelines, including 2...Nf6 3 g3 and 2...Nf6 3 Bf4.} Nh5 8. Be3 Bd6 9. Ne5 {The position is equal.} g6 10. Nd3 O-O 11. Be2 Ng7 12. f4 {[#]} Nf5 $146 ({Predecessor:} 12... f6 13. Nf3 Nf5 14. Bf2 h5 15. h3 Qc7 16. g4 hxg4 17. hxg4 Ng7 18. Qc2 Ne7 {1-0 (26) Prie,E (2480)-Saucey,M (2283) Nimes 2018}) 13. Bf2 Qc7 14. g4 Ng7 15. Bg3 f6 16. O-O b6 17. Rf2 Bb7 18. Qf1 e5 19. fxe5 fxe5 20. dxe5 Nxe5 21. Bxe5 Bxe5 22. Nxe5 Qxe5 23. Re1 Qg5 24. Bf3 Rf7 25. Qg2 Raf8 26. Nb3 h6 (26... Kh8 $11) 27. Nd4 $16 Kh7 28. Rfe2 Rf4 29. Qg3 Bc8 {[%cal Rc8g4]} 30. Re5 Qf6 31. Re7 {Black must now prevent Rc7.} (31. Rxd5 Bxg4 32. Bg2 Nh5 $17) 31... Kh8 32. h3 h5 (32... Rxf3 33. Nxf3 (33. Qxf3 Qxd4+ 34. cxd4 Rxf3 $16) 33... Qxf3 34. Qxf3 $16) 33. a3 (33. Kg2 $1 $14) 33... a5 ({Of course not} 33... Rxf3 $6 34. Nxf3 Qxf3 35. Qxf3 $16) (33... hxg4 $11 34. hxg4 Bxg4) 34. R7e3 ({And not} 34. Bxd5 hxg4 35. Qe3 gxh3 $17) (34. Kg2 $1 $14) 34... b5 $11 35. b4 axb4 36. axb4 Bd7 ({Black should try} 36... Ne6 $1 $11 37. Nxe6 Bxe6) 37. Re7 (37. Kh2 $14) 37... Qd6 (37... hxg4 $11 38. hxg4 Bxg4 39. Bxg4 Qg5) 38. Kg2 $16 Re8 $2 {[%mdl 8192] [#]} (38... g5 $16 39. gxh5 Nf5 40. Nxf5 R8xf5) 39. Rxd7 $1 {[%mdl 512] Accuracy: White = 83%, Black = 73%.} 1-0

[Event "Marshall Chess Club GM 2020"]
[Site "New York"]
[Date "2020.02.29"]
[Round "5"]
[White "Wang, Qibiao"]
[Black "Yoo, Christopher Woojin"]
[Result "1/2-1/2"]
[WhiteElo "2362"]
[BlackElo "2430"]
[Annotator "TA"]
[PlyCount "81"]
[EventDate "2020.02.27"]
[EventType "tourn"]
[EventCountry "USA"]
[SourceTitle "playchess.com"]
[Source "ChessBase"]
[SourceQuality "1"]

{[%evp 9,81,0,0,14,28,-86,-76,-85,-79,-93,-96,-104,-80,-94,-93,-139,-127,-227,-216,-214,-194,-233,-81,-90,-41,-55,-60,-64,0,-92,0,2,11,-1,7,0,0,0,0,0,0,0,0,0,0,0,0,-20,29,17,59,0,0,0,0,0,0,0,0,0,0,0,0,0,0,0,0,0,0,0,0,0,0,0]} 1. d4 Nf6 2. Bf4 g6 3. Nc3 d5 4. e3 Bg7 5. h4 O-O 6. h5 {A45: Trompowsky Attack.} c5 7. Nb5 {[#]} (7. hxg6 $11 hxg6 8. Nge2 (8. dxc5 Qa5 $11)) 7... cxd4 $146 ({Predecessor:} 7... Nc6 8. Nc7 e5 9. dxe5 Qxc7 10. exf6 Qa5+ 11. c3 Bxf6 12. Bd3 g5 13. Bg3 d4 {0-1 (25) Kahn,T (1921)-Stoyanov,V (2198) Torquay 2019}) 8. exd4 {Black is better.} Nc6 ({Avoid the trap} 8... gxh5 $2 9. Nc7 $18) 9. hxg6 fxg6 10. Nf3 Ne4 11. Bc7 Qd7 12. Bh2 a6 13. Nc7 {[#]} (13. Nc3 $17 {was worth a try.}) 13... Ra7 $1 $19 14. c4 {[#]} Nxd4 $1 {[%mdl 512]} 15. Nxd5 (15. Nxd4 Nxf2) 15... Nxf3+ $2 (15... e6 $19 {is more deadly.} 16. Ne5 Bxe5 17. Bxe5 Nc6) 16. gxf3 $17 Nc5 17. Qe2 e6 18. Bh3 {Threatens to win with Bb8.} b5 (18... Na4 $1 $15 19. Be5 b5) 19. Rd1 {[#]} (19. Nb6 $1 $11 {remains equal.} Qd3 20. Nxc8 Qxe2+ 21. Kxe2 Rxc8 22. cxb5 axb5 23. Rhc1) 19... Qe8 ({Better is} 19... Qf7 $1 $17 20. Ne3 e5 21. Bxc8 Rxc8 22. cxb5 axb5 23. Qxb5 Qxf3 24. Qc4+ Qf7) 20. Nb6 $11 Bb7 21. Bg2 e5 22. Qe3 Ne6 {...Nd4 is the strong threat.} 23. Rd7 $1 Rf7 24. Rxf7 Qxf7 25. Bxe5 Bc6 26. O-O Bxe5 27. Qxe5 Nf4 $1 {Hoping for ...Re7.} 28. Qd6 Qc7 (28... Rc7 {looks sharper.} 29. cxb5 axb5 30. Re1 Nxg2 31. Re6 Qf4) 29. Rd1 Nxg2 30. Qxc7 ({White should play} 30. Qe6+ $14 Kg7 31. Rd6 (31. Kxg2 Qxb6 32. Rd6 Rc7 $11)) 30... Rxc7 {The position is equal.} 31. Kxg2 bxc4 32. Nxc4 (32. Rd6 {is interesting.} Be8 33. Nd5 Rb7 34. Nb6 Bf7 35. a3) 32... Bxf3+ 33. Kxf3 {And now b3 would win.} Rxc4 {[%mdl 4096] Endgame KR-KR} 34. Rd8+ Kg7 35. Rd7+ Kh6 36. Ra7 Rc2 37. Rxa6 {aiming for Rb6.} Rxb2 38. a4 Ra2 39. Ra8 Kg5 40. Kg3 Ra3+ 41. f3 {Accuracy: White = 79%, Black = 77%.} 1/2-1/2

[Event "Marshall Chess Club GM 2020"]
[Site "New York"]
[Date "2020.02.29"]
[Round "6"]
[White "Khamrakulov, Djurabek"]
[Black "Yoo, Christopher Woojin"]
[Result "1/2-1/2"]
[WhiteElo "2525"]
[BlackElo "2430"]
[Annotator "TA"]
[PlyCount "107"]
[EventDate "2020.02.27"]
[EventType "tourn"]
[EventCountry "USA"]
[SourceTitle "playchess.com"]
[Source "ChessBase"]
[SourceQuality "1"]

{[%evp 16,107,20,18,3,7,10,8,12,6,14,6,22,0,0,0,20,20,25,26,15,24,20,13,19,22,25,13,14,10,7,10,62,61,60,65,44,52,55,47,61,62,119,98,141,61,82,59,71,54,65,17,86,46,46,46,46,46,50,51,54,0,0,0,0,0,0,0,0,0,0,0,0,0,0,0,0,0,0,0,0,0,0,0,0,0,0,0,0,0,0,0,0,0]} 1. e4 c5 2. c3 Nf6 3. e5 Nd5 4. Nf3 d6 5. d4 cxd4 6. cxd4 Nc6 7. Bc4 Nb6 8. Bb5 Bd7 9. Nc3 dxe5 {B22: Sicilian: 2 c3.} 10. dxe5 g6 11. O-O Bg7 12. Qe2 O-O 13. Rd1 Qc7 14. Be3 Bg4 15. Bxb6 {[#]} axb6 $146 ({Predecessor:} 15... Qxb6 16. Nd5 Bxf3 17. gxf3 Nd4 18. Nxb6 Nxe2+ 19. Bxe2 axb6 20. Rd7 Bxe5 21. Bc4 Bxb2 {0-1 (46) Nuri,K (2300)-Gaponenko,I (2381) Doha 2014}) 16. Nd5 Qxe5 17. Nxe5 Bxe2 18. Bxe2 Bxe5 19. Nxb6 Ra5 ({Much weaker is} 19... Bxb2 $6 20. Rab1 $16) 20. Nc4 Rc5 21. Rab1 Nd4 22. Bf1 Bg7 23. b4 Rd5 ({Black should play} 23... Rc7 $11) 24. a4 $14 Rfd8 {[#] aiming for ...Nf3+!} 25. Ne3 $36 {[%mdl 2048] White is more active.} R5d7 26. a5 Bh6 {Threatens to win with ...Bxe3.} 27. Re1 Bxe3 28. fxe3 Nc6 (28... Nc2 $14) 29. Rec1 $16 Rd6 {[#]} 30. Bb5 ({Better is} 30. g3 $1 $16) 30... Re6 31. Rb3 h5 32. h3 Kg7 33. Rc5 h4 (33... Rd1+ $11 {keeps the balance.} 34. Kh2 Nd8) 34. a6 Na7 35. Bc4 Rb6 36. Rc7 Rc6 37. Rxc6 bxc6 $14 {[%mdl 4096] Endgame KRB-KRN} 38. Kf2 (38. Bd3 $14) 38... Rd2+ $11 {The position is equal.} 39. Kf3 Rc2 $1 {[%cal Rc2c4]} 40. Bd3 Ra2 41. Ke4 Nb5 $1 42. Bxb5 $1 cxb5 {KR-KR} 43. Kd5 Rxa6 44. Kc5 Ra2 45. Kxb5 {Hoping for Kc6.} Rxg2 46. Kc6 {b5 is the strong threat.} g5 47. b5 {And now b6 would win.} g4 48. hxg4 h3 49. e4 h2 50. Rh3 Rc2+ 51. Kd7 Rb2 52. Kc6 Rc2+ 53. Kd7 Rb2 54. Kc6 $1 {Accuracy: White = 90%, Black = 88%.} 1/2-1/2

[Event "Marshall Chess Club GM 2020"]
[Site "New York"]
[Date "2020.02.29"]
[Round "6"]
[White "Niemann, Hans Moke"]
[Black "Wang, Qibiao"]
[Result "0-1"]
[WhiteElo "2459"]
[BlackElo "2362"]
[Annotator "TA"]
[PlyCount "92"]
[EventDate "2020.02.27"]
[EventType "tourn"]
[EventCountry "USA"]
[SourceTitle "playchess.com"]
[Source "ChessBase"]
[SourceQuality "1"]

{[%evp 18,92,26,26,26,27,26,20,30,28,83,69,86,68,85,51,50,37,47,47,41,37,41,33,47,0,0,-37,-32,-79,-79,-77,-87,-94,-60,-64,-67,-53,-40,-38,-27,-87,-38,-33,-35,-31,-20,-16,-8,-80,-77,-185,-187,-158,-164,-227,-222,-314,-300,-329,-128,-102,-76,-70,-25,-262,-262,-596,-594,-543,-561,-6087,-6087,-6087,-5310,-29979,-29980]} 1. d4 Nf6 2. c4 e6 3. Nc3 d5 4. cxd5 exd5 5. Bg5 c6 6. e3 Bf5 7. Qf3 Bg6 8. Bxf6 Qxf6 9. Qxf6 gxf6 10. h4 h5 {D35: Queen's Gambit Declined: Exchange Variation.} 11. Nh3 Nd7 12. Kd2 Nb6 {[#] The position is equal.} 13. Bd3 $146 ({Predecessor:} 13. Nf4 Bh6 14. g3 Bxf4 15. gxf4 Nc8 16. f3 Nd6 17. Re1 O-O-O 18. b3 Kc7 19. Bh3 {½-½ (38) Bitalzadeh,A (2310)-Collins,S (2412) Liverpool 2008}) 13... f5 (13... Bd6 $11) 14. Ne2 Nc8 15. Nhf4 Nd6 16. f3 Kd7 17. b3 Bh6 18. Ng3 Rae8 19. Rae1 Bg7 20. Bc2 Bf6 21. Nge2 Bd8 22. Nd3 Ba5+ 23. Nc3 {[#]} f4 $1 {[%cal Rf4e3][%mdl 512]} 24. exf4 (24. Nxf4 Nb5) 24... Rxe1 25. Rxe1 Bxd3 26. Bxd3 c5 27. dxc5 d4 {[%mdl 64] Pin} 28. Re5 {aiming for c6+!} Bxc3+ 29. Ke2 (29. Kc2 $11) 29... Nc8 30. Bf5+ Kc7 31. Kd3 b6 32. g4 f6 33. Re6 (33. Rd5 $1 $11) 33... bxc5 $17 {Hoping for ...hxg4.} 34. Rxf6 (34. g5 $17) 34... Nd6 $19 35. g5 Be1 36. Be6 (36. Rh6 $142 Rxh6 37. gxh6) 36... Bxh4 37. Rg6 {[#]} (37. b4 $142 cxb4 38. Bb3) 37... Rf8 $1 38. Bd5 Nf5 $2 ({Don't play} 38... Rxf4 39. Rg7+ Kd8 40. g6 $19) (38... Rf5 $19 {is more deadly.} 39. Rg7+ Kb6) 39. Rc6+ $17 Kd7 {Threatens to win with ...Ne7.} 40. Ra6 Bg3 (40... Ne7 $5 {[%cal Re7d5]} 41. Bc4 Kd8 42. Rxa7 Nc6 43. Ra8+ Ke7 44. Rxf8 Kxf8 $17) 41. Be6+ $2 {This move loses the game for White.} (41. g6 $1 $11) 41... Ke7 $19 42. Ke4 $2 (42. Bc4 {is tougher.} Bxf4 43. Rxa7+ Kd6 44. Ra6+ Kc7 45. Ra7+ Kd6 46. Ra6+ Kc7 47. Ra7+ Kb6 48. Ra6+ Kb7 49. Rf6 Rxf6 50. gxf6) 42... Nd6+ 43. Kd5 Nb5 {Strongly threatening ...d3.} 44. Rc6 d3 45. f5 Nc7+ 46. Kxc5 d2 {Accuracy: White = 45%, Black = 83%.} 0-1

[Event "Marshall Chess Club GM 2020"]
[Site "New York"]
[Date "2020.02.29"]
[Round "6"]
[White "Korley, Kassa"]
[Black "Perunovic, Milos"]
[Result "1/2-1/2"]
[WhiteElo "2430"]
[BlackElo "2591"]
[Annotator "TA"]
[PlyCount "57"]
[EventDate "2020.02.27"]
[EventType "tourn"]
[EventCountry "USA"]
[SourceTitle "playchess.com"]
[Source "ChessBase"]
[SourceQuality "1"]

{[%evp 23,57,35,33,28,33,16,14,8,9,12,14,5,0,0,0,0,0,0,0,0,0,0,0,0,0,0,0,0,0,0,0,0,0,0,0,0]} 1. e4 c5 2. Nf3 e6 3. d4 cxd4 4. Nxd4 Nc6 5. Nc3 Qc7 6. g3 a6 7. Bg2 d6 8. O-O Bd7 9. b3 Nf6 10. Bb2 Be7 11. Nce2 O-O 12. c4 Rac8 13. Rc1 {B80: Sicilian Scheveningen: 6 g3 and 6 Be3, including English Attack.} Qb8 14. Qd2 Nxd4 {The position is equal.} 15. Nxd4 b5 16. cxb5 axb5 17. a3 {[#]} g6 $146 ({Predecessor:} 17... Rxc1 18. Rxc1 Rc8 19. Rxc8+ Qxc8 20. Nc2 e5 21. Ne3 Qc5 22. Qc3 Qxc3 23. Bxc3 Kf8 {½-½ (43) Huebner,R (2612)-Charnushevich,A (2524) Switzerland 2011}) 18. b4 e5 {[#] aiming for ...Rxc1.} 19. Ne2 h5 20. Rxc8 Rxc8 21. Rc1 Rxc1+ 22. Bxc1 Bd8 23. h3 Bb6 24. Qd3 Bc6 25. Nc3 Bd4 26. Ne2 Bb6 27. Nc3 Bd4 28. Ne2 Bb6 29. Nc3 {Accuracy: White = 100%, Black = 100%.} 1/2-1/2

[Event "Marshall Chess Club GM 2020"]
[Site "New York"]
[Date "2020.02.29"]
[Round "6"]
[White "Wang, Kevin"]
[Black "Kaliksteyn, Alexander"]
[Result "0-1"]
[WhiteElo "2418"]
[BlackElo "2394"]
[Annotator "TA"]
[PlyCount "58"]
[EventDate "2020.02.27"]
[EventType "tourn"]
[EventCountry "USA"]
[SourceTitle "playchess.com"]
[Source "ChessBase"]
[SourceQuality "1"]

{[%evp 15,58,18,25,27,22,14,21,10,8,6,14,14,16,0,13,0,15,0,0,0,0,-37,-36,-21,0,0,10,0,0,-47,-47,-161,-161,-180,-181,-175,-179,-445,-438,-404,-395,-389,-398,-391,-341]} 1. d4 d5 2. c4 e6 3. Nf3 c6 4. e3 f5 5. Be2 Nf6 6. O-O Bd6 7. b3 Qe7 8. Bb2 O-O 9. Ne5 {A84: Dutch Defence: 2 c4 Miscellaneous.} b6 10. Nd2 {[%cal Bb1d2,Bd2f3,Bf3g5][%mdl 32]} Bb7 11. a4 {The position is equal.} a5 {[#]} 12. Rc1 $146 ({Predecessor:} 12. Ndf3 Nbd7 13. Nxd7 Nxd7 14. Ne5 c5 15. Nxd7 Qxd7 16. Qd2 Rfd8 17. Rfd1 Rac8 18. Bf3 dxc4 19. dxc5 Bxf3 20. gxf3 Bxh2+ 21. Kxh2 Qxd2 22. Rxd2 Rxd2 {0-1 (27) Shkuro,A (2071)-Galimzianova,A (1908) Kazan 2010}) 12... Na6 {[%cal Bb8a6,Ba6b4,Bb4a2][%mdl 32]} 13. cxd5 cxd5 14. Bb5 Rac8 15. Ndf3 Nb4 16. Qe2 Na2 17. Rxc8 Rxc8 18. Ba6 Bxa6 19. Qxa6 {[%mdl 64] [#] Double Attack} Qc7 20. Ng5 Re8 21. Qb5 h6 22. Ngf7 Bf8 23. g3 ({White must play} 23. Qe2 $1 $15) 23... Re7 $19 24. Nd8 Qxd8 25. Nc6 Qc7 {[#] Strongly threatening ...Re8.} 26. Ra1 $2 (26. Nxe7+ Bxe7 27. Qe2) 26... Re8 ({Weaker is} 26... Nb4 27. Nxe7+ Bxe7 28. Rc1 $17) 27. Rxa2 Rc8 {Black is winning.} 28. Ne5 Qc2 {Hoping for ...Qb1+.} 29. Qxb6 Re8 {Accuracy: White = 64%, Black = 100%.} 0-1